01383nam a2200325 a 4500001001000000003000500010005001700015008004100032010001100073011001100084040000900095090001000104100004400114245023200158260004100390500006000431502007400491590004000565590004000605650005800645650004300703650003400746650003400780856007000814901000700884942001000891942000600901999001900907952013100926000115390CHAP20220329144532.0190516s2018 mx a |sm |||||||spa d a111851 a112823 cCHAP aTesis1 aSolis Rodríguez, Juan Carlos.913563110aEvaluación del efecto de cinco métodos de preparación de suelo en la sobrevivencia y desarrollo de Pinus pseudostrobus Lindl., en el campo forestal experimental las crucesh[En línea]cpor Juan Carlos Solis Rodríguez. aChapingo, Méx. :bEl autor,c2018. aPara ver el contenido del material haga clic en la liga aTesis (Ingeniero Forestal) -- UACH. División de Ciencias Forestales aE6337LMJb05c20190516lUCH01h1521 aE6337LMJb05c20190516lUCH01h152214aPinus pseudostrobusxCrecimientoxAnálisis.913466914aSuelos ForestalesxAnálisis.913298114aSuelosxEvaluación.911036414aSuelosxMejoramiento.9110431 aFinding aiduhttp://10.13.5.2/tesis/sist115390.pdfzTeclea aquí aBK cTESIS n0 c111851d111851 00104054718TESISaBCbBCd2019-05-16fTESISl0oTesisp115399-10r2019-12-31 00:00:00w2019-12-31yTESISzRecien adquirido